Random Riddles - Statistics

General Stats
  • This quiz has been taken 10,619 times
    10,538 since last reset
  • The average score is 7 of 12
Answer Stats
Hint Answer % Correct
David's father had 3 sons: Snap, Crackle and ______ David
90%
Peel off my skin; I won't cry. But you will! What am I? An onion
89%
What is once in a minute, twice in a moment, and never in a century? The letter M
86%
A father's child, a mother's child, yet no one's son am I. What am I? A daughter
77%
There is an ancient invention still used today that allows people to see through walls. What is it? A window
75%
How many 3 cent stamps are in a dozen? 12
73%
What two things can you never eat for breakfast? Lunch and Dinner
65%
What kind of coat can be only put on when it's wet? A coat of paint
54%
What walks on 4 legs in the morning, 2 in the afternoon, and 3 in the evening? Stages of a man's life
42%
What always goes to bed with shoes on? A horse
34%
What's put on a table and cut, but never eaten? A deck of cards
20%
What can be swallowed, but can also swallow you? Pride
18%
No matching quizzes found
Score Distribution
Percent of People with Each Score
Percentile by Number Answered
Your Score History
You have not taken this quiz since the last reset